01980nam a22001937a 4500008004100000020001800041040000800059041000800067050002400075245011100099250001900210260005300229300007500282490004800357520127700405650004401682650002801726700003201754250618b |||||||| |||| 00| 0 eng d a9781837971879 ctbs aeng aHF5630 b.A383 2020 aAdvances in accounting education. Volume 24 b: teaching and curriculum innovationsc/ Thomas G. Calderon. aFirst edition. aBingley, England : bEmerald Publishing, c2025. a204 pages :billustrations, tables, charts (black and white) ;c24 cm. aAdvances in accounting education ; vv. 24. aAdvances in Accounting Education: Teaching and Curriculum Innovations publishes both non-empirical and empirical articles dealing with accounting education. All articles emphasize teaching, learning and curriculum development, and discuss vital matters pertaining to the improvement of accounting programs at colleges and universities. Non-empirical papers are academically rigorous, and specifically discuss the institutional context of a course or program, as well as any relevant tradeoffs or policy issues. Empirical reports exhibit sound research design and execution, and develop a thorough motivation and literature review, including references from outside the accounting field, where appropriate. The 28th volume features 11 peer-reviewed papers surrounding four themes: (1) data science and analytics in accounting; (2) innovative teaching cases in taxation; (3) pipeline issues and the CPA exam; and (4) perspectives on accounting theory & integrated thinking and learning. Faculty with an interest in accounting education as well as accounting program administrators should find all three themes to be highly informative and interesting. Some practitioners and regulators in the accounting profession may also find useful policy-related nuggets in Volume 28. 0aAccountingxStudy and teaching (Higher) 0aEducational innovations aCalderon, Thomas G.eeditor